000 00609nam a22001577a 4500
020 _qHard Cover.
100 _aMuhammd Usman Ishtaq ; Zaman Asif, Sarmead Shabbir
245 _aSLAR (Smart Learning Using Augmented Reality)
_cMuhammd Usman Ishtaq ; Zaman Asif, Sarmead Shabbir
260 _aIslamabad :
_bSEECS - NUST,
_c2018.
300 _aVar. p. : ill. ;
_c30cm.
650 _aSoftware Engineering-Project Report
_930818
700 _aDr. Qaiser Riaz.
_919301
856 _uhttp://10.250.8.41:8080/xmlui/handle/123456789/29602
942 _2ddc
_cTHE
999 _c535893
_d535893